00487nam a22001577a 450000500170000001000150001702000260003203500140005803700090007208200060008110000240008724500420011126000440015327001120019730000200030920241106113510.0 aENG-142574 c100.00a9789386755483 aEN-126106 bDBAD aS aSridharan, Srinitha aThe Last Ride/cBy Srinitha Sridharan aChennaibUnique Media Integratorsc2018 bChennaiaNo.8, 6th Cross, 8th Main Road, Vaishnavi Nagar, Thirumullaivoyale600109mumi.infobooks@gmail.com a111p.c21cm(Pb)